000
00260 a2200109 4500
001
66006
082
_a
954.9045FRI
090
_c
38383
_d
38383
100
_a
Fricker John
245
_a
Battle for Pakistan; Air War of 1965
260
_a
London
_b
Lam Allen Ltd
942
_a
NUST-CAE
_k
954.9045FRI
999
_c
301079
_d
301079